00283nam a2200109Ia 4500008004100000041000800041082002600049100001300075245002500088260005100113300000900164230411s9999 xx 000 0 und d aeng aP/610.7365/GHA/B06741 aGhai O P aEssential Pediatrics bCBS Publishers & DistributorsaNew Delhic2004 a720p